| 000 | 00705nam a2200241 a 4500 | ||
|---|---|---|---|
| 001 | BRL_1655 | ||
| 005 | 20190320211317.0 | ||
| 008 | 210414s1972----mx-ao#####---#000-0#eng-# | ||
| 041 | _aeng | ||
| 044 | _amx | ||
| 050 | 4 |
_aBF1584.M6 _b.M33 1972 |
|
| 100 | 1 |
_aMadsen, William _927549 |
|
| 245 | 1 | 0 |
_aA guide to mexican witchcraft _cby William and Claudia Madsen. |
| 260 |
_aMéxico _bMinutiae Mexicana _c1972 |
||
| 300 |
_a96 p. _bil., fotografías (blanco y negro) _c17 cm. |
||
| 440 | 0 |
_aMinutiae Mexicana Series _927550 |
|
| 500 | _aAu1881 | ||
| 504 | _aBibliografía p. 96 | ||
| 650 | 1 | 4 |
_aBrujería _zMéxico _927551 |
| 700 | 1 |
_aMadsen, Claudia _ecoaut. _927552 |
|
| 902 | _aGRL | ||
| 942 |
_2lcc _cB |
||
| 999 |
_c10464 _d10464 |
||